000 00515nam a2200193 a 4500
001 1761117814342
003 YourLibrary
005 20251022125505.0
008 251022s2008##################000#0#eng##
020 _a9780520252783
082 0 4 _a591.4
_bTHE
100 1 _aThewissen, J. G. M.,
_eauthor.
245 1 0 _aSensory Evolution on the Threshold :
260 _bUniv of California Press,
_c2008.
300 _a360 pages
650 0 _aMedical.
942 _cENGLISH
040 _aYourLibrary
_beng
_cYourLibrary
999 _c592509
_d592509